[Event "chess.com QF Blitz 1m+1spm 2016"]
[Site "chess.com INT"]
[Date "2016.06.23"]
[Round "18"]
[White "Carlsen, M."]
[Black "Petrosian, TL."]
[Result "1-0"]
[WhiteElo "2851"]
[BlackElo "2611"]
[PlyCount "121"]
[EventDate "2016.04.06"]
[EventType "blitz"]

1. e4 g6 2. d4 Bg7 3. Nf3 d6 4. Bc4 Nf6 5. Qe2 O-O 6. O-O c6 7. Bb3 a5 8. a4 e6
9. e5 Nd5 10. exd6 Qxd6 11. Na3 Qc7 12. Re1 Nd7 13. Qe4 h6 14. c3 N7f6 15. Qh4
g5 16. Bxg5 hxg5 17. Nxg5 Qf4 18. Qxf4 Nxf4 19. Rad1 N6d5 20. Nc4 Rd8 21. Ne4
b5 22. Ne5 Bxe5 23. dxe5 Kg7 24. g3 Ng6 25. f4 Rb8 26. Nd6 bxa4 27. Bxa4 Rxb2
28. Bxc6 Ba6 29. f5 Nxc3 30. Rd4 Ne2+ 31. Rxe2 Rxe2 32. fxg6 Kxg6 33. Rg4+ Kh7
34. Be4+ Rxe4 35. Nxe4 Rd1+ 36. Kf2 Rf1+ 37. Kg2 Rf5 38. Nf6+ Kh6 39. Rg8 Bf1+
40. Kg1 Be2 41. h4 a4 42. g4 Bxg4 43. Rxg4 Rxe5 44. Rxa4 Rf5 45. Ng4+ Kh5 46.
Ne3 Rf3 47. Ng2 Rg3 48. Kf2 Rg4 49. Ra7 f5 50. Re7 Re4 51. Kg3 e5 52. Rg7 f4+
53. Kf3 Kh6 54. Rg5 Ra4 55. Rxe5 Ra3+ 56. Kxf4 Ra4+ 57. Kg3 Ra3+ 58. Kg4 Ra8
59. Nf4 Rg8+ 60. Rg5 Ra8 61. Rg6+ 1-0

[Event "chess.com QF Blitz 5m+2spm 2016"]
[Site "chess.com INT"]
[Date "2016.06.23"]
[Round "5"]
[White "Carlsen, M."]
[Black "Petrosian, TL."]
[Result "1-0"]
[WhiteElo "2851"]
[BlackElo "2611"]
[PlyCount "61"]
[EventDate "2016.04.06"]
[EventType "blitz"]

1. e4 g6 2. d4 Bg7 3. Nf3 d6 4. Bc4 Nf6 5. Qe2 O-O 6. Bb3 a5 7. a3 c6 8. Nc3
Bg4 9. h3 Bxf3 10. Qxf3 Nfd7 11. Be3 b5 12. h4 a4 13. Ba2 e6 14. h5 d5 15. Qh3
g5 16. h6 Bf6 17. e5 Be7 18. f4 f5 19. g4 Kh8 20. Ne2 Na6 21. c3 Nc7 22. Bb1
gxf4 23. Nxf4 Bg5 24. gxf5 exf5 25. Bxf5 Nb6 26. Rg1 Nc4 27. Ng6+ hxg6 28. Bxg5
Qe8 29. Bd7 Qf7 30. Bf6+ Kh7 31. Rxg6 1-0

[Event "chess.com QF Blitz 5m+2spm 2016"]
[Site "chess.com INT"]
[Date "2016.06.23"]
[Round "7"]
[White "Carlsen, M."]
[Black "Petrosian, TL."]
[Result "1-0"]
[WhiteElo "2851"]
[BlackElo "2611"]
[PlyCount "91"]
[EventDate "2016.04.06"]
[EventType "blitz"]

1. e4 g6 2. d4 Bg7 3. Nf3 d6 4. Bc4 Nf6 5. Qe2 O-O 6. Bb3 c6 7. O-O Bg4 8. Nbd2
d5 9. e5 Nfd7 10. h3 Bxf3 11. Nxf3 e6 12. h4 c5 13. c3 Nc6 14. h5 Rc8 15. g3
cxd4 16. cxd4 Qb6 17. Rd1 Qa6 18. Qxa6 bxa6 19. h6 Bh8 20. Ba4 f6 21. exf6 Bxf6
22. Bf4 Nb6 23. Bxc6 Rxc6 24. Rac1 Rfc8 25. Rxc6 Rxc6 26. Be5 Be7 27. Re1 Nd7
28. Bg7 Kf7 29. Re3 a5 30. Rb3 Rc7 31. Rb5 Bf6 32. Rxa5 g5 33. g4 Kg6 34. Ra6
Kf7 35. Kg2 Rb7 36. b3 Rc7 37. Kg3 Rb7 38. Bxf6 Kxf6 39. Nxg5 Nf8 40. f4 Rc7
41. b4 Rc3+ 42. Kf2 Rc4 43. Rxa7 Kg6 44. Rf7 Rc8 45. Rg7+ Kxh6 46. Rg8 1-0

[Event "chess.com QF Blitz 5m+2spm 2016"]
[Site "chess.com INT"]
[Date "2016.06.23"]
[Round "4"]
[White "Petrosian, TL."]
[Black "Carlsen, M."]
[Result "0-1"]
[WhiteElo "2611"]
[BlackElo "2851"]
[PlyCount "94"]
[EventDate "2016.04.06"]
[EventType "blitz"]

1. g3 d5 2. Bg2 e5 3. d3 Nf6 4. Nf3 Bd6 5. O-O O-O 6. c3 Re8 7. Qc2 h6 8. e4 c6
9. Re1 Nbd7 10. a4 a5 11. Nbd2 Nc5 12. exd5 cxd5 13. d4 exd4 14. Rxe8+ Qxe8 15.
Nxd4 Qe1+ 16. Nf1 Bd7 17. Nf3 Qe4 18. Qxe4 dxe4 19. Nd4 Bxa4 20. Ne3 Bd7 21.
Nc4 Bc7 22. Bf4 Bxf4 23. gxf4 a4 24. b4 Nd3 25. Nb6 Rd8 26. Nxd7 Rxd7 27. Rxa4
Nxf4 28. Ra8+ Kh7 29. Ra5 g6 30. Rc5 N6d5 31. Bxe4 Nxc3 32. Rxc3 Rxd4 33. Bf3
Rxb4 34. h4 Kg7 35. Rc7 Ne6 36. Rxb7 Rxh4 37. Bd5 Kf6 38. Rb6 Rd4 39. Bxe6 fxe6
40. Kg2 h5 41. Rb8 g5 42. Rh8 h4 43. f3 Rd2+ 44. Kh3 Rf2 45. Kg4 Rg2+ 46. Kh3
Rg3+ 47. Kh2 Kg7 0-1

[Event "chess.com QF Blitz 5m+2spm 2016"]
[Site "chess.com INT"]
[Date "2016.06.23"]
[Round "2"]
[White "Petrosian, TL."]
[Black "Carlsen, M."]
[Result "0-1"]
[WhiteElo "2611"]
[BlackElo "2851"]
[PlyCount "78"]
[EventDate "2016.04.06"]
[EventType "blitz"]

1. Nf3 d5 2. g3 c6 3. Bg2 Bf5 4. d3 Nd7 5. Nh4 Bg4 6. h3 Bh5 7. O-O e6 8. Qe1
Be7 9. Nf3 Ngf6 10. e4 O-O 11. Nbd2 a5 12. a4 Nc5 13. b3 dxe4 14. dxe4 Bxf3 15.
Bxf3 Qd4 16. Rb1 Qc3 17. Bd1 Rad8 18. e5 Nfe4 19. Nxe4 Qxe1 20. Rxe1 Nxe4 21.
Bb2 Nd2 22. Rc1 Rd5 23. Be2 Rfd8 24. Red1 g6 25. Kg2 Bc5 26. Bc3 Ba3 27. Ra1
Bb4 28. Bxb4 axb4 29. f4 h5 30. a5 h4 31. gxh4 Rd4 32. h5 gxh5 33. Bxh5 Rxf4
34. a6 bxa6 35. Rxa6 Rf5 36. Bg4 Rxe5 37. Rxc6 Rd4 38. Rc7 Kg7 39. Rxd2 Rxd2+
0-1

[Event "chess.com QF Blitz 3m+2spm 2016"]
[Site "chess.com INT"]
[Date "2016.06.23"]
[Round "10"]
[White "Petrosian, TL."]
[Black "Carlsen, M."]
[Result "1-0"]
[WhiteElo "2611"]
[BlackElo "2851"]
[PlyCount "73"]
[EventDate "2016.04.06"]
[EventType "blitz"]

1. Nf3 d5 2. c4 d4 3. g3 Nc6 4. Bg2 e5 5. O-O Nf6 6. d3 Bd6 7. e3 O-O 8. exd4
exd4 9. Bg5 h6 10. Bxf6 Qxf6 11. Nbd2 Bf5 12. Qb3 Rab8 13. Nh4 Bh7 14. Ne4 Qd8
15. c5 Be7 16. Nf3 Bxe4 17. dxe4 Bxc5 18. e5 Re8 19. Rfe1 Qd7 20. Rad1 Bb6 21.
Re4 Rbd8 22. a3 d3 23. e6 fxe6 24. Bh3 Kh8 25. Bxe6 Qd6 26. Bf5 Rxe4 27. Bxe4
Nd4 28. Qf7 Rf8 29. Ne5 Rd8 30. Ng6+ Kh7 31. Nf8+ Kh8 32. Ng6+ Kh7 33. Rxd3 Qf6
34. Nf8+ Kh8 35. Ng6+ Kh7 36. Ne5+ Kh8 37. Qxf6 1-0

[Event "chess.com QF Blitz 3m+2spm 2016"]
[Site "chess.com INT"]
[Date "2016.06.23"]
[Round "13"]
[White "Carlsen, M."]
[Black "Petrosian, TL."]
[Result "1-0"]
[WhiteElo "2851"]
[BlackElo "2611"]
[PlyCount "95"]
[EventDate "2016.04.06"]
[EventType "blitz"]

1. e4 d6 2. d4 Nf6 3. Nc3 c6 4. Nf3 g6 5. h3 Bg7 6. Be3 O-O 7. a4 Nbd7 8. Qd2
e5 9. dxe5 dxe5 10. a5 Qe7 11. Bd3 Nc5 12. O-O Nh5 13. Rfd1 Ne6 14. Bf1 Nhf4
15. Kh2 Rd8 16. Qe1 Nd4 17. Nxd4 exd4 18. Bxf4 dxc3 19. Rxd8+ Qxd8 20. bxc3 Be6
21. e5 Qd5 22. Qe3 Re8 23. c4 Qd8 24. Qxa7 Bc8 25. Re1 g5 26. Bg3 h5 27. Kg1 f5
28. h4 f4 29. Bh2 Rxe5 30. Rxe5 Bxe5 31. hxg5 Qxg5 32. Qa8 Qd8 33. a6 bxa6 34.
Qxc6 Bf5 35. Qxa6 Qc7 36. Qh6 Qf7 37. Bxf4 Bg7 38. Qg5 Bxc2 39. Be2 Bg6 40. c5
Bf6 41. Qg3 h4 42. Qf3 Kg7 43. c6 h3 44. c7 Qe6 45. Qxh3 Bf5 46. Qg3+ Kh7 47.
Qe3 Qc6 48. Bd3 1-0

[Event "chess.com QF Blitz 3m+2spm 2016"]
[Site "chess.com INT"]
[Date "2016.06.23"]
[Round "14"]
[White "Petrosian, TL."]
[Black "Carlsen, M."]
[Result "0-1"]
[WhiteElo "2611"]
[BlackElo "2851"]
[PlyCount "112"]
[EventDate "2016.04.06"]
[EventType "blitz"]

1. Nf3 d5 2. g3 Bg4 3. Bg2 Nd7 4. O-O c6 5. d3 e6 6. Nbd2 Bd6 7. h3 Bh5 8. b3
Ngf6 9. Bb2 O-O 10. a3 Qe7 11. c4 a5 12. Qc2 Rfe8 13. Rfe1 h6 14. e4 dxe4 15.
Nxe4 Nxe4 16. Rxe4 Rad8 17. Qc3 Qf6 18. d4 Bg6 19. Ree1 b6 20. Ne5 Bxe5 21.
dxe5 Qf5 22. g4 Qg5 23. b4 h5 24. Qg3 hxg4 25. hxg4 axb4 26. axb4 Nf8 27. f4
Qe7 28. f5 exf5 29. gxf5 Bxf5 30. e6 Nxe6 31. Bxg7 Rd3 32. Qe5 Qg5 33. Bf6 Qg6
34. Ra2 Kh7 35. Rf2 Ng7 36. Bxg7 Rxe5 37. Bxe5 Kg8 38. Ba1 Be6 39. c5 b5 40.
Be5 Qg4 41. Ra1 Rd1+ 42. Rxd1 Qxd1+ 43. Rf1 Qd2 44. Bf6 Bd5 45. Rf2 Qe1+ 46.
Bf1 Kh7 47. Rh2+ Kg6 48. Rf2 Qxb4 49. Be5 Qe4 50. Rg2+ Kf5 51. Bg3 b4 52. Rf2+
Kg6 53. Bg2 Qd4 54. Kh2 b3 55. Bh3 Qxf2+ 56. Bxf2 b2 0-1

[Event "chess.com QF Blitz 3m+2spm 2016"]
[Site "chess.com INT"]
[Date "2016.06.23"]
[Round "15"]
[White "Carlsen, M."]
[Black "Petrosian, TL."]
[Result "1-0"]
[WhiteElo "2851"]
[BlackElo "2611"]
[PlyCount "51"]
[EventDate "2016.04.06"]
[EventType "blitz"]

1. e4 c5 2. Nf3 Nc6 3. Bb5 g6 4. Bxc6 dxc6 5. d3 Bg7 6. h3 Nf6 7. Nc3 O-O 8.
Be3 b6 9. Bf4 Nd7 10. Qd2 e5 11. Bh6 f6 12. O-O Rf7 13. Bxg7 Kxg7 14. Nh2 Nf8
15. f4 exf4 16. Rxf4 g5 17. Rf2 Ng6 18. Raf1 Be6 19. Ne2 Qd6 20. Qe3 h5 21. Nf3
h4 22. d4 cxd4 23. Nexd4 Raf8 24. e5 fxe5 25. Nxe6+ Qxe6 26. Nxg5 1-0

[Event "chess.com QF Blitz 1m+1spm 2016"]
[Site "chess.com INT"]
[Date "2016.06.23"]
[Round "24"]
[White "Petrosian, TL."]
[Black "Carlsen, M."]
[Result "0-1"]
[WhiteElo "2611"]
[BlackElo "2851"]
[PlyCount "104"]
[EventDate "2016.04.06"]
[EventType "blitz"]

1. g3 d5 2. Bg2 e5 3. d3 Nf6 4. Nf3 Nc6 5. O-O Be7 6. c3 O-O 7. Nbd2 Re8 8. e4
dxe4 9. dxe4 a5 10. a4 Bc5 11. Qe2 Qe7 12. Nc4 Bd7 13. Ne3 Rad8 14. Nd5 Qd6 15.
Nxf6+ gxf6 16. Bh6 Kh8 17. Nh4 f5 18. Bg5 f6 19. Rad1 Qe7 20. Rxd7 Rxd7 21.
Nxf5 Qf7 22. Bh6 Red8 23. Bg7+ Qxg7 24. Nxg7 Kxg7 25. Qg4+ Kh8 26. Qe6 Rd6 27.
Qf7 Rg8 28. Qxc7 b6 29. Bh3 Rg7 30. Qc8+ Rg8 31. Qf5 Ne7 32. Qf3 Rgd8 33. Bf5
Rd2 34. Qh5 Nxf5 35. Qxf5 Kg7 36. Qg4+ Kf7 37. Qh5+ Kg7 38. Qg4+ Kf7 39. Qh5+
Kg7 40. g4 R8d6 41. h4 Rxb2 42. Qe8 Rbd2 43. Qe7+ Kg8 44. h5 Rd1 45. Qe8+ Kg7
46. Rxd1 Rxd1+ 47. Kg2 Rd2 48. Kh3 Rxf2 49. Qd7+ Kh6 50. Qf7 Rf3+ 51. Kg2 Rf4
52. Qf8+ Bxf8 0-1

[Event "GCT Blitz YourNextMove"]
[Site "Leuven BEL"]
[Date "2016.06.20"]
[Round "12.1"]
[White "Anand, V."]
[Black "Carlsen, M."]
[Result "0-1"]
[WhiteElo "2770"]
[BlackElo "2855"]
[PlyCount "82"]
[EventDate "2016.06.19"]
[EventType "blitz"]

1. e4 e5 2. Nf3 Nc6 3. Bc4 Bc5 4. O-O Nf6 5. d3 d6 6. c3 a6 7. a4 Ba7 8. Na3
Ne7 9. Nc2 O-O 10. Be3 Bxe3 11. Nxe3 a5 12. Re1 Ng6 13. Bb3 c6 14. Bc2 Re8 15.
d4 Qc7 16. dxe5 dxe5 17. g3 h6 18. Qe2 Be6 19. Red1 Rad8 20. b4 Nf8 21. Nc4
axb4 22. cxb4 Bg4 23. Rxd8 Qxd8 24. Rd1 Qe7 25. Rb1 Ne6 26. Ncxe5 Nd4 27. Qd3
Nxf3+ 28. Nxf3 Qxe4 29. Qxe4 Nxe4 30. Rb3 Nf6 31. Kg2 Be6 32. Ra3 Bd5 33. Kf1
Ng4 34. h3 Bxf3 35. hxg4 Bxg4 36. Kg2 Kf8 37. Rc3 Rd8 38. b5 cxb5 39. axb5 Rc8
40. Rxc8+ Bxc8 41. f4 Ke7 0-1

[Event "GCT Blitz YourNextMove"]
[Site "Leuven BEL"]
[Date "2016.06.20"]
[Round "16.3"]
[White "Carlsen, M."]
[Black "Giri, A."]
[Result "0-1"]
[WhiteElo "2855"]
[BlackElo "2782"]
[PlyCount "78"]
[EventDate "2016.06.19"]
[EventType "blitz"]

1. e4 c5 2. Nc3 d6 3. f4 Nc6 4. Nf3 g6 5. Bb5 Bd7 6. a4 Bg7 7. O-O e6 8. f5
exf5 9. d3 Nge7 10. Qe1 O-O 11. Qh4 f6 12. Bc4+ Kh8 13. Nb5 Be8 14. Bh6 Ne5 15.
Rae1 g5 16. Nxg5 fxg5 17. Bxg5 N5g6 18. Qh3 f4 19. g3 Bxb5 20. axb5 f3 21. c3
Qe8 22. Be6 Ne5 23. Re3 b6 24. Kh1 a6 25. bxa6 Rxa6 26. g4 b5 27. Bxe7 Qxe7 28.
Bf5 h6 29. d4 cxd4 30. cxd4 Nc6 31. g5 Nxd4 32. gxh6 Be5 33. Qh5 Ra2 34. Rexf3
Nxf3 35. Rxf3 Rg8 36. Bg6 Ra1+ 37. Kg2 Qe6 38. Rg3 Bxg3 39. Bf7 Qxe4+ 0-1

[Event "GCT Blitz YourNextMove"]
[Site "Leuven BEL"]
[Date "2016.06.20"]
[Round "11.5"]
[White "Carlsen, M."]
[Black "Topalov, V."]
[Result "1-0"]
[WhiteElo "2855"]
[BlackElo "2761"]
[PlyCount "71"]
[EventDate "2016.06.19"]
[EventType "blitz"]

1. d4 Nf6 2. c4 g6 3. Nc3 d5 4. Bg5 Bg7 5. Bxf6 Bxf6 6. cxd5 c5 7. dxc5 Nd7 8.
e3 Nxc5 9. Bb5+ Kf8 10. Nge2 Qb6 11. a4 Qa5 12. O-O Kg7 13. Nd4 Rd8 14. Rb1 Qc7
15. Rc1 a6 16. b4 axb5 17. Ncxb5 Qe5 18. Rxc5 b6 19. Rc1 Bb7 20. Nc6 Bxc6 21.
Rxc6 Rxd5 22. Qb3 Rb8 23. h3 Rd2 24. Rc2 Rbd8 25. Nd4 Rxc2 26. Qxc2 Qd6 27. Nc6
Rd7 28. b5 Qa3 29. Rb1 Rd5 30. g3 h5 31. Kg2 h4 32. g4 Qd6 33. Qe4 Rd2 34. Qf3
Qd3 35. Rc1 Ra2 36. Nb4 1-0

[Event "GCT Blitz YourNextMove"]
[Site "Leuven BEL"]
[Date "2016.06.20"]
[Round "15.4"]
[White "Caruana, F."]
[Black "Carlsen, M."]
[Result "0-1"]
[WhiteElo "2804"]
[BlackElo "2855"]
[PlyCount "72"]
[EventDate "2016.06.19"]
[EventType "blitz"]

1. Nf3 d5 2. c4 c6 3. Qb3 Nf6 4. g3 g6 5. Bg2 Bg7 6. O-O O-O 7. d3 Re8 8. Bf4
Nbd7 9. cxd5 Nxd5 10. Bd2 e5 11. Nc3 Nc7 12. Ne4 Nb6 13. Bg5 Qd5 14. Nf6+ Bxf6
15. Bxf6 Qxb3 16. axb3 Bg4 17. Rfe1 Bxf3 18. Bxf3 h6 19. d4 e4 20. Bg4 Nbd5 21.
Be5 Nb5 22. Bf4 f5 23. Bh3 Nxf4 24. gxf4 Nxd4 25. Ra4 Red8 26. Bf1 a5 27. Rc1
Nxb3 28. Rc3 Nd4 29. e3 Nf3+ 30. Kg2 Rd1 31. Rc5 Rad8 32. Rcxa5 Rxf1 33. Kxf1
Rd1+ 34. Kg2 Rg1+ 35. Kh3 g5 36. fxg5 hxg5 0-1

[Event "GCT Blitz YourNextMove"]
[Site "Leuven BEL"]
[Date "2016.06.20"]
[Round "17.3"]
[White "So, W."]
[Black "Carlsen, M."]
[Result "1/2-1/2"]
[WhiteElo "2770"]
[BlackElo "2855"]
[PlyCount "89"]
[EventDate "2016.06.19"]
[EventType "blitz"]

1. d4 f5 2. Nc3 Nf6 3. Bg5 d5 4. e3 e6 5. Nf3 Be7 6. Bd3 O-O 7. O-O Ne4 8. Bxe7
Qxe7 9. Ne2 Nd6 10. Rc1 Nd7 11. c4 c6 12. Qb3 Kh8 13. Qa3 a5 14. Ne5 Kg8 15. f4
Re8 16. Rc2 Nf6 17. Rfc1 Qd8 18. Kh1 Ng4 19. Nxg4 fxg4 20. Re1 b5 21. c5 Nf5
22. Qc3 b4 23. Qd2 Ba6 24. Bxa6 Rxa6 25. Qd3 Ra7 26. Kg1 Rf7 27. Ng3 Qh4 28. e4
Ne7 29. Rf2 Ref8 30. Ref1 g6 31. Qe2 Qf6 32. Qxg4 Qxd4 33. Qxe6 Kh8 34. Qe5+
Qxe5 35. fxe5 Kg7 36. exd5 Nxd5 37. Ne2 Rxf2 38. Rxf2 Re8 39. Nd4 Rxe5 40. Nxc6
Re1+ 41. Rf1 Re2 42. Rf2 Re1+ 43. Rf1 Re2 44. Rf2 Re1+ 45. Rf1 1/2-1/2

[Event "GCT Blitz YourNextMove"]
[Site "Leuven BEL"]
[Date "2016.06.20"]
[Round "14.2"]
[White "Carlsen, M."]
[Black "Kramnik, V."]
[Result "1/2-1/2"]
[WhiteElo "2855"]
[BlackElo "2812"]
[PlyCount "132"]
[EventDate "2016.06.19"]
[EventType "blitz"]

1. e4 e5 2. Nf3 Nc6 3. Bb5 Nf6 4. O-O Nxe4 5. Re1 Nd6 6. Nxe5 Be7 7. Bf1 Nxe5
8. Rxe5 O-O 9. d4 Bf6 10. Re1 Re8 11. c3 Rxe1 12. Qxe1 Ne8 13. Bf4 d5 14. Bd3
g6 15. Nd2 Ng7 16. Nf1 Bf5 17. Bxf5 Nxf5 18. Ne3 Nxe3 19. Qxe3 Qd7 20. Re1 c6
21. Bh6 Bg7 22. Bxg7 Kxg7 23. Qe7 Rd8 24. h4 h5 25. Re3 b6 26. Qe5+ Kg8 27. Kh2
a5 28. f3 a4 29. Kg3 b5 30. Kf4 Qd6 31. Qxd6 Rxd6 32. Re8+ Kg7 33. Ke5 Rd7 34.
a3 g5 35. hxg5 h4 36. f4 Kg6 37. Rg8+ Kh7 38. Rc8 Kg7 39. Rxc6 Re7+ 40. Kxd5
Re2 41. Rh6 Rxb2 42. Rxh4 Rb3 43. Kc5 Rxc3+ 44. Kxb5 Rxa3 45. f5 Ra1 46. Kb4 a3
47. g4 Rd1 48. Kxa3 Rxd4 49. Kb3 Rf4 50. Kc3 Ra4 51. Kd3 Ra3+ 52. Kc4 Ra4+ 53.
Kb5 Rf4 54. Kc6 Ra4 55. Kd6 Ra6+ 56. Kc7 Ra7+ 57. Kb6 Ra4 58. Kb5 Rf4 59. Kc5
Ra4 60. Kc6 Rb4 61. Kd5 Ra4 62. Ke5 Ra5+ 63. Kd6 Ra6+ 64. Kc5 Ra4 65. Kc6 Rb4
66. Kd5 Ra4 1/2-1/2

[Event "GCT Blitz YourNextMove"]
[Site "Leuven BEL"]
[Date "2016.06.20"]
[Round "10.2"]
[White "Aronian, L."]
[Black "Carlsen, M."]
[Result "1/2-1/2"]
[WhiteElo "2792"]
[BlackElo "2855"]
[PlyCount "110"]
[EventDate "2016.06.19"]
[EventType "blitz"]

1. d4 e6 2. c4 f5 3. g3 Nf6 4. Bg2 c6 5. Nh3 d5 6. O-O Bd6 7. Bf4 Be7 8. Qc2
O-O 9. Rd1 h6 10. Nc3 Qe8 11. Rac1 g5 12. Be5 Nbd7 13. f3 Nxe5 14. dxe5 Nd7 15.
f4 dxc4 16. Nb1 gxf4 17. gxf4 Nb6 18. Nd2 Nd5 19. Nxc4 Kh8 20. Bf3 Bd7 21. Kh1
Rd8 22. Nd6 Bxd6 23. exd6 e5 24. fxe5 Qxe5 25. Qc5 Be6 26. Qxa7 Rf7 27. Qd4
Qxd4 28. Rxd4 Rfd7 29. Rcd1 Ne3 30. R1d3 Nc4 31. Nf4 Bf7 32. Bh5 Nxb2 33. Re3
Nc4 34. Rh3 Rxd6 35. Rxd6 Nxd6 36. Rd3 Bc4 37. Rd2 Kg7 38. a4 Kf6 39. Bf3 Bf7
40. Kg1 Ke7 41. Kf1 Ra8 42. Rd4 c5 43. Nd5+ Ke6 44. Nc7+ Kd7 45. Rxd6+ Kxc7 46.
Rxh6 Bc4 47. Rh7+ Kd6 48. Rxb7 Rxa4 49. h4 Bd5 50. Rb6+ Ke5 51. Bxd5 Kxd5 52.
h5 c4 53. Ke1 c3 54. Kd1 Ra1+ 55. Kc2 Ra2+ 1/2-1/2

[Event "GCT Blitz YourNextMove"]
[Site "Leuven BEL"]
[Date "2016.06.19"]
[Round "6.4"]
[White "Carlsen, M."]
[Black "Caruana, F."]
[Result "0-1"]
[WhiteElo "2855"]
[BlackElo "2804"]
[PlyCount "180"]
[EventDate "2016.06.19"]
[EventType "blitz"]

1. d4 Nf6 2. c4 e6 3. Nc3 Bb4 4. Nf3 c5 5. g3 cxd4 6. Nxd4 Ne4 7. Qc2 Qa5 8.
Bg2 Nxc3 9. O-O Nc6 10. bxc3 Bxc3 11. Nb3 Nd4 12. Nxd4 Bxd4 13. Rb1 d6 14. Bb2
Bxb2 15. Qxb2 O-O 16. Rfd1 Rd8 17. Rd3 e5 18. Rbd1 Be6 19. Qxb7 Rab8 20. Rxd6
Rdc8 21. Qe7 Re8 22. Qh4 Qxa2 23. Bc6 Rf8 24. Qe7 h6 25. Rxe6 fxe6 26. Rd7 Qb1+
27. Kg2 Qg6 28. f3 Rb2 29. Kf2 Qf6 30. Rxa7 Rc2 31. Qxf6 Rxf6 32. Ra4 Rf7 33.
Be4 Rc1 34. Bg6 Rf8 35. h4 Rc8 36. Bd3 e4 37. Bxe4 R1xc4 38. Ra6 Kf7 39. h5
R4c7 40. Bg6+ Ke7 41. f4 Rc6 42. Ra2 Rc5 43. Kf3 Kf6 44. Kg4 e5 45. Bf5 R8c7
46. Ra8 exf4 47. gxf4 Rc1 48. Bg6 Rg1+ 49. Kf3 Re1 50. Rf8+ Ke6 51. Re8+ Kd6
52. Kg4 Re7 53. Rd8+ Kc7 54. Rg8 R1xe2 55. Kf5 Rc2 56. Ra8 Rc5+ 57. Kg4 Kd6 58.
Ra6+ Rc6 59. Ra4 Rec7 60. Rd4+ Ke7 61. Re4+ Kf6 62. Re8 Rc4 63. Rf8+ Ke7 64.
Rf5 Kd6 65. Rf8 Re7 66. Kf5 Rc5+ 67. Kg4 Kd5 68. Rd8+ Kc4 69. Bd3+ Kc3 70. Bg6
Rc4 71. Rd3+ Kb4 72. Rd8 Ra7 73. Bd3 Rc5 74. Bg6 Kc3 75. Rd3+ Kc4 76. Rd8 Rd5
77. Re8 Kd4 78. Re4+ Kc5 79. Re8 Rd4 80. Rc8+ Kb4 81. Rb8+ Kc3 82. Re8 Raa4 83.
Rf8 Kd2 84. Kf3 Ra3+ 85. Kg4 Raa4 86. Kf3 Ra7 87. Kg4 Ra6 88. Kf5 Ke3 89. Re8+
Kf3 90. Rb8 Rd5# 0-1

[Event "GCT Blitz YourNextMove"]
[Site "Leuven BEL"]
[Date "2016.06.19"]
[Round "2.5"]
[White "Topalov, V."]
[Black "Carlsen, M."]
[Result "0-1"]
[WhiteElo "2761"]
[BlackElo "2855"]
[PlyCount "96"]
[EventDate "2016.06.19"]
[EventType "blitz"]

1. e4 c5 2. Nf3 d6 3. d4 cxd4 4. Nxd4 Nf6 5. Nc3 a6 6. Be3 e5 7. Nb3 Be6 8. f3
Nbd7 9. g4 Nb6 10. g5 Nh5 11. Qd2 Be7 12. O-O-O O-O 13. Kb1 Rc8 14. Rg1 g6 15.
h4 Qc7 16. Qf2 Nc4 17. Bxc4 Qxc4 18. Nc1 b5 19. Nb3 b4 20. Na4 Rc7 21. Nb6 Qb5
22. Nd5 Bxd5 23. Rxd5 Qd7 24. Qe2 Rfc8 25. Rc1 Qh3 26. Qf2 f5 27. gxf6 Nxf6 28.
Ra5 Nh5 29. Bg5 Rf8 30. Qd2 Qxf3 31. Bxe7 Rxe7 32. Qxd6 Qf6 33. Qxb4 Qxh4 34.
Rxa6 Nf4 35. a4 Ref7 36. Qc4 Kg7 37. a5 h5 38. Rb6 Qf2 39. Nc5 h4 40. Qc3 Re7
41. a6 Ne2 42. Qb4 Nxc1 43. Rb7 Rff7 44. Rxe7 Rxe7 45. Nd3 Qf6 46. Nxc1 h3 47.
Qc3 h2 48. Qh3 Qf2 0-1

[Event "GCT Blitz YourNextMove"]
[Site "Leuven BEL"]
[Date "2016.06.19"]
[Round "3.1"]
[White "Carlsen, M."]
[Black "Anand, V."]
[Result "1/2-1/2"]
[WhiteElo "2855"]
[BlackElo "2770"]
[PlyCount "113"]
[EventDate "2016.06.19"]
[EventType "blitz"]

1. d4 Nf6 2. c4 e6 3. Nc3 Bb4 4. Nf3 d5 5. cxd5 exd5 6. Bg5 h6 7. Bh4 Nbd7 8.
e3 g5 9. Bg3 Ne4 10. Nd2 Nxg3 11. hxg3 c6 12. Qc2 Kf8 13. Bd3 Kg7 14. O-O-O Nf6
15. Nf3 Ng4 16. Kb1 Bxc3 17. bxc3 Qe7 18. Rhe1 f5 19. Re2 Rf8 20. Qb2 a5 21.
Ne1 b5 22. Bc2 b4 23. cxb4 axb4 24. Bb3 Nf6 25. Rc2 Ne4 26. Nd3 Nc3+ 27. Rxc3
bxc3 28. Qxc3 Ba6 29. Qc5 Bxd3+ 30. Rxd3 Qxc5 31. dxc5 Ra5 32. Rc3 f4 33. gxf4
gxf4 34. exf4 Rxf4 35. f3 Kf6 36. g3 Rf5 37. f4 Rh5 38. a4 Rh2 39. Bc2 h5 40.
Kc1 Ra8 41. Re3 Ra5 42. Rc3 Rh3 43. Kb2 h4 44. gxh4 Rxc3 45. Kxc3 Rxc5+ 46. Kb3
Rc4 47. h5 Rxf4 48. h6 c5 49. a5 Rb4+ 50. Ka3 Rb5 51. Ka4 Rb2 52. h7 Kg7 53.
Bf5 c4 54. a6 c3 55. a7 Ra2+ 56. Kb3 Rxa7 57. Kxc3 1/2-1/2

[Event "GCT Blitz YourNextMove"]
[Site "Leuven BEL"]
[Date "2016.06.19"]
[Round "1.2"]
[White "Carlsen, M."]
[Black "Aronian, L."]
[Result "1/2-1/2"]
[WhiteElo "2855"]
[BlackElo "2792"]
[PlyCount "85"]
[EventDate "2016.06.19"]
[EventType "blitz"]

1. e4 e5 2. Nf3 Nc6 3. Bc4 Bc5 4. O-O Nf6 5. d3 O-O 6. c3 d5 7. exd5 Nxd5 8.
Nbd2 Nb6 9. Bb5 Bd6 10. Re1 Bg4 11. h3 Bh5 12. Ne4 Re8 13. Bg5 f6 14. Be3 a6
15. Bxc6 bxc6 16. Ng3 Bf7 17. d4 Nc4 18. dxe5 Bxe5 19. Nxe5 Rxe5 20. Qc1 Qe8
21. b3 Nxe3 22. Rxe3 Rxe3 23. Qxe3 Qxe3 24. fxe3 Rd8 25. Ne4 Rd3 26. c4 Rxe3
27. Nc5 a5 28. Rd1 Bg6 29. Kf2 Re5 30. Nb7 Be4 31. g4 h5 32. Rd8+ Kh7 33. Ra8
c5 34. Ra7 hxg4 35. hxg4 Bxb7 36. Rxb7 a4 37. Rxc7 axb3 38. axb3 Kh6 39. Kf3 g6
40. Rb7 Kg5 41. b4 cxb4 42. Rxb4 f5 43. gxf5 1/2-1/2

[Event "GCT Blitz YourNextMove"]
[Site "Leuven BEL"]
[Date "2016.06.19"]
[Round "8.3"]
[White "Carlsen, M."]
[Black "So, W."]
[Result "1-0"]
[WhiteElo "2855"]
[BlackElo "2770"]
[PlyCount "59"]
[EventDate "2016.06.19"]
[EventType "blitz"]

1. d4 d5 2. c4 c6 3. Nf3 Nf6 4. e3 Bg4 5. Qb3 Qb6 6. Nc3 e6 7. Nh4 Bh5 8. h3
Be7 9. g4 Bg6 10. Nxg6 hxg6 11. Bg2 g5 12. O-O Nbd7 13. Rd1 Qc7 14. e4 Nxe4 15.
Nxe4 dxe4 16. Bxe4 Rd8 17. Bg2 O-O 18. Be3 Rfe8 19. Rac1 Qb6 20. d5 Qxb3 21.
axb3 exd5 22. cxd5 cxd5 23. Rxd5 Bf6 24. Bxa7 Ne5 25. Rxd8 Rxd8 26. Bxb7 Nd3
27. Rd1 Nb4 28. Rxd8+ Bxd8 29. Be4 Bf6 30. Bc5 1-0

[Event "GCT Blitz YourNextMove"]
[Site "Leuven BEL"]
[Date "2016.06.19"]
[Round "7.3"]
[White "Giri, A."]
[Black "Carlsen, M."]
[Result "1/2-1/2"]
[WhiteElo "2782"]
[BlackElo "2855"]
[PlyCount "100"]
[EventDate "2016.06.19"]
[EventType "blitz"]

1. e4 e5 2. Nf3 Nc6 3. Bc4 Nf6 4. d3 Be7 5. O-O O-O 6. Re1 d6 7. a4 Na5 8. Ba2
c5 9. Na3 Nc6 10. c3 a6 11. Nc2 Rb8 12. h3 b5 13. axb5 axb5 14. Ne3 Be6 15.
Bxe6 fxe6 16. Bd2 Qd7 17. Qe2 d5 18. Ng4 Nxg4 19. hxg4 Bd6 20. Ra6 Ra8 21. Rea1
Rxa6 22. Rxa6 Qb7 23. Ra1 c4 24. d4 Re8 25. exd5 exd5 26. Bf4 Qe7 27. dxe5 Bxe5
28. Bxe5 Nxe5 29. Nxe5 Qxe5 30. Qxe5 Rxe5 31. Ra8+ Kf7 32. Rb8 d4 33. cxd4 Rd5
34. f3 h6 35. Kf2 Rxd4 36. Rxb5 Rd2+ 37. Kg3 Rc2 38. Rb4 Kg6 39. f4 Kf7 40. Kf3
c3 41. bxc3 Rxc3+ 42. Kf2 Rc2+ 43. Kg3 Rc3+ 44. Kh4 Rc2 45. Kh3 Rc3+ 46. g3 Rc5
47. Rb6 Ra5 48. Kh4 Rc5 49. g5 hxg5+ 50. fxg5 g6 1/2-1/2